000
00280nam a22001217a 4500
020
_a
0-87150-327-1
082
_a
515.07 RIC'T
100
_a
RICE, B.J , STRANGE, J.D
_9
62399
245
_a
TECHNICAL MATHEMATICS
260
_a
BOSTON
_b
PRINDLE
_c
1983
300
_a
658P
942
_c
BK
999
_c
571517
_d
571517